000 00555nam a2200193Ia 4500
001 20121
003 GE_BSU
008 181216s||||||||xx |||||||||||||| ||und||
040 _cGE_BSU
245 _aВопросы экономики №2,2017
245 _cРед,кол:О.И.Ананьин,Р.С.Гриберг, и др
260 _aМосква
260 _c2017
300 _a160стр. 26 см.
653 _aВопросы экономики №2,2017
653 _aПериодика
653 _aპერიოდიკა
942 _cCR
999 _c53083
_d53083